1233 1882 1025 1284 1472 1258 1570 1984 1497 1088 1378 1002 1234 1933 1253 1100 1583 1490 1827 1774 1470 1379 1539 1111 1194 1738 1100 1617 1061 1989 1544 1802 1071 1735 1065 1197 1541 1574 1940 1114 1886 1706 1592 1321 1874 1969 1399 1543 1061 1370 1787 1662 1144 1406 1922 1218 1373 1795 1247 1618 1426 1537 1356 1296 1359 1545 1233 1472 1443 1463 1399 1172 1605 1737 1082 1973 1942 1334 1591 1716 1296 1094 1467 1909 1446 1275 1052 1617 1415 1509 1709 1006 1992 1948 1971 1533 1924 1798 1194 BCNSPRNW ULIB Ver.6.0+V

เปลี่ยนเป็นภาษาไทย

Change to English
 แสดงรายละเอียดบรรณานุกรม
  กลับหน้าหลัก

Brief Record : Get Marc (ISO 2709) : E-mail record : QR code < ปิดหน้าต่าง
LEADER : 00000nam 2200000uu 4500
001    13399112325
003     ULIB
008    110627s2552||||th 000 0 tha d
020    9786169003342
090    นว.^bI111ร 2552
100 0  I m butterfly
245 00 รักรวมรส/^cI m butterfly
250    พิมพ์ครั้งที่ 1
260    กรุงเทพฯ :^bBlue Butterfly,^c2552
300    224 หน้า
710 1  Blue Butterfly
945    ^p164^l0^i030402
995    ทศพร
999 ^a ใช้งานได้ทุกระบบ
รายการนี้ยังไม่มีแท็ก
คุณยังไม่ได้ล็อกอิน คุณสามารถมีกิจกรรมร่วมกับเว็บไซต์ได้ แต่ต้องล็อกอินก่อน ::
  ล็อกอิน

รายการสื่อสารสนเทศ

ลำดับที่ ประเภท เลขเรียก/บาร์โค้ด สถานที่ สถานะ
- ไม่พบข้อมูล -

BibComment


ยังไม่เคยถูกคอมเมนท์

คอมเมนท์ทรัพยากรรายการนี้
  คอมเมนท์: รักรวมรส I m butt..


 Copyright 2026. Bcnsprnw @Library